Los pájaros y los hombres

Sábháilte in:
Sonraí bibleagrafaíochta
Príomhchruthaitheoir: Amorim, Enrique
Formáid: LEABHAR
Teanga:Undetermined
Foilsithe / Cruthaithe: Montevideo, Uruguay Galería Libertad 1968
Ábhair:
Clibeanna: Cuir clib leis
Níl clibeanna ann, Bí ar an gcéad duine le clib a chur leis an taifead seo!

MARC

LEADER 00000nam a2200000Ia 4500
008 170316s9999 xx 000 0 und d
040 |a cru BVZT 
090 |a 860 A-19p 
100 |a Amorim, Enrique  |9 1016 
245 |a Los pájaros y los hombres  |c / Enrique Amorim 
260 |a Montevideo, Uruguay  |b Galería Libertad  |c 1968 
300 |a 164 páginas 
650 |a LITERATURA LATINOAMERICANA  |9 15 
999 |c 8307  |d 8307 
942 |c 4 D  |h 860 A-19p  |2 z